Skład Fc Barcelony w meczu z Realem Madryt 11.05.2025 - Statystyki

Ogólne statystyki
  • Ten quiz został rozwiązany 70 razy
  • Średni wynik to 10 z 11
Statystyki odpowiedzi
Hint Odpowiedź % Poprawnych
Bramkarz Wojciech Szczęsny
100%
PP Lamine Yamal
98%
ŚP Pedri Gonzalez
98%
N Ferran Torres
97%
LO Gerard Martin
95%
ŚO Pau Cubarsi
93%
LP Raphinha
92%
ŚO Inigo Martinez
90%
ŚPO Dani Olmo
88%
ŚP Frenkie De Jong
85%
PO Eric Garcia
77%
Nie znaleziono quizów pasujących do podanych kryteriów
Rozkład punktacji
Procent ludzi z każdym wynikiem
Percentyl według liczby udzielonych odpowiedzi
Twoja historia wyników
Nie rozwiązałeś tego quizu